00457nam a2200169Ia 4500008004100000040001900041041001200060082002600072100002200098245004200120260002900162300002100191504001900212650002000231651001600251850002000267131103s9999 xx 000 0 und d aLoreto College aEnglish a808.2/NICbLCBkB/E177 aNicoll, Allardyce 4aThe theory of dramacAllardyce Nicoll aDelhibDoaba Housec1969 a262 p. c 21 cm. aIncludes index aLiterary Theory aLiterature  aLCBkB/808.2/NIC